US States - More or Less Than 5 Million People ? - Statistics

General Stats
  • This quiz has been taken 43 times
  • The average score is 42 of 50
Answer Stats
Hint Answer % Correct
California More than 5 000 000
100%
Idaho Less than 5 000 000
97%
Maine Less than 5 000 000
97%
Montana Less than 5 000 000
97%
Vermont Less than 5 000 000
97%
Texas More than 5 000 000
97%
Florida More than 5 000 000
97%
Nebraska Less than 5 000 000
94%
West Virginia Less than 5 000 000
94%
New Hampshire Less than 5 000 000
94%
Rhode Island Less than 5 000 000
94%
Delaware Less than 5 000 000
94%
South Dakota Less than 5 000 000
94%
North Dakota Less than 5 000 000
94%
Alaska Less than 5 000 000
94%
Wyoming Less than 5 000 000
94%
New York More than 5 000 000
94%
Pennsylvania More than 5 000 000
94%
Illinois More than 5 000 000
94%
New Jersey More than 5 000 000
94%
Virginia More than 5 000 000
94%
Iowa Less than 5 000 000
90%
Ohio More than 5 000 000
90%
Georgia More than 5 000 000
90%
North Carolina More than 5 000 000
90%
Arkansas Less than 5 000 000
87%
Hawaii Less than 5 000 000
87%
Michigan More than 5 000 000
87%
Washington More than 5 000 000
87%
Tennessee More than 5 000 000
87%
New Mexico Less than 5 000 000
84%
Minnesota More than 5 000 000
84%
Connecticut Less than 5 000 000
81%
Missouri More than 5 000 000
81%
Colorado More than 5 000 000
81%
Arizona More than 5 000 000
77%
Massachusetts More than 5 000 000
77%
Mississippi Less than 5 000 000
71%
Kansas Less than 5 000 000
71%
Kentucky Less than 5 000 000
68%
Utah Less than 5 000 000
68%
Wisconsin More than 5 000 000
68%
Alabama More than 5 000 000
68%
Maryland More than 5 000 000
65%
Oregon Less than 5 000 000
61%
Indiana More than 5 000 000
61%
Oklahoma Less than 5 000 000
58%
Nevada Less than 5 000 000
58%
Louisiana Less than 5 000 000
52%
South Carolina More than 5 000 000
52%
No matching quizzes found
Score Distribution
Percent of People with Each Score
Percentile by Number Answered
Your Score History
You have not taken this quiz